Name The 2018 Kpop Release - Statistics

General Stats
  • This quiz has been taken 40 times
  • The average score is 20 of 108
Answer Stats
Hint Answer % Correct
Stray Kids District 9
65%
BTS Fake love
61%
BTS, Nicki Minaj IDOL
61%
Blackpink DDU-DU DDU-DU
55%
JENNIE SOLO
55%
TWICE yes or yes
55%
(G)i-dle Latata
52%
IZ*ONE la vie en rose
52%
Pentagon Shine
45%
Red Velvet Bad Boy
42%
iKon Love Scenario
42%
ateez pirate king
42%
Momoland BBoom BBoom
39%
Twice Dance The Night Away
39%
Stray Kids Hellevator
39%
NCT 127 regular
39%
EXO Tempo
39%
Dreamcatcher What
39%
Jay Park V
35%
Twice what is love?
35%
Momoland Baam
32%
Wanna One Boomerang
32%
NCT U Boss
29%
Blackpink Forever Young
29%
Stray Kids My Pace
29%
Seventeen Oh My!
29%
loona hi high
26%
Red Velvet Power Up
26%
Chung Ha Roller coaster
26%
nct dream we go up
26%
NCT U Baby Don’t Stop
23%
EXID I love you
23%
GOT7 Look
23%
Monsta X Shoot Out
23%
Mamamoo Starry Night
23%
IU bbibbi
19%
J-Hope Daydream
19%
(G)i-dle Hann
19%
Apink I’m So Sick
19%
iKon Killing Me
19%
fromis_9 love bomb
19%
fromis_9 Love Bomb
19%
Seventeen Thanks
19%
BTS Euphoria
16%
Winner Everyday
16%
SHINee Good evening
16%
Sunmi Heroine
16%
Monsta X Jealousy
16%
RM seoul
16%
Sunmi Siren
16%
BTS Anpanman
13%
CLC Black Dress
13%
nu’est w dejavu
13%
mamamoo egoistic
13%
Wanna One Light
13%
Girls Generation Lil’ Touch
13%
SF9 Now or Never
13%
Produce 48 Pick me
13%
triple H retro future
13%
Day6 Shoot Me
13%
Wanna One Spring Breeze
13%
NCT 127 Touch
13%
Seulgi, Chung Chung Ha Wow Thing
13%
AOA bingle bangle
10%
Hyolyn, Gray Dally
10%
LOONA favOriTe
10%
Mino Fiancé
10%
wanna one i promise you
10%
Heize Jenga
10%
JBJ My Flower
10%
The Boyz No Air
10%
gfriend time for the moon night
10%
Shaun Way Back Home
10%
Haon, Vixen Bar Code
6%
BTOB Beautiful Pain
6%
Bigbang Flower Road
6%
PRISTIN V Get It
6%
Zion.t Hello Tutorial
6%
EXID Lady
6%
super junior lo siento
6%
Pentagon Naughty Boy
6%
Gugudan Not That Type
6%
April oh! my mistake
6%
oh my girl remember me
6%
Jonghyun Shinin’
6%
Taeyeon Something New
6%
Zico, IU SoulMate
6%
BOL4 Travel
6%
Laboum Turn it on
6%
BoA Woman
6%
Dreamcatcher You and I
6%
BTS 134340
3%
Dean, Sulli Dayfly
3%
nu’est w help me
3%
Eric Nam Honestly
3%
Sam Kim, Zico It’s You
3%
Shinhwa Kiss Me Like That
3%
Chung Ha Love U
3%
Imfact Nanana
3%
holland neverland
3%
BoA one shot, two shot
3%
BTOB Only One for Me
3%
Roy Kim Only Then
3%
SHINee Our Page
3%
KARD ride on the wind
3%
Hyolyn See Sea
3%
Suzy SObeR
3%
park hyo shin sound of winter
3%
No matching quizzes found
Score Distribution
Percent of People with Each Score
Percentile by Number Answered
Your Score History
You have not taken this quiz